[Event "Unna Open 2023"]
[Site "Unna"]
[Date "2023.12.30"]
[Round "7.52"]
[White "Dolheimer, Peter"]
[Black "Arnoldi, Ekkehard"]
[Result "1-0"]
[WhiteElo "1253"]
[BlackElo "1435"]
[PlyCount "82"]
[EventDate "2023.12.??"]
[EventType "swiss"]
[EventRounds "7"]
[EventCountry "GER"]
[Tiebreak "Progressive score"]
[SourceVersionDate "2023.12.27"]

1. d4 c5 2. c3 cxd4 3. cxd4 Nc6 4. Nf3 d6 5. Bf4 Nf6 6. e3 g6 7. Nc3 a6 8. Be2
Bg7 9. O-O O-O 10. a3 Nh5 11. Bg5 f6 12. Bh4 g5 13. Bg3 Nxg3 14. hxg3 h5 15.
Qd3 h4 16. gxh4 g4 17. Nh2 f5 18. g3 e5 19. dxe5 Nxe5 20. Qd5+ Kh8 21. Rad1 Rf6
22. f4 gxf3 23. Nxf3 Ng4 24. Qd2 Qb6 25. Nd5 Qc6 26. Nxf6 Nxe3 27. Qxd6 Qxd6
28. Rxd6 Bxf6 29. Rxf6 Nxf1 30. Kxf1 Bd7 31. h5 Rg8 32. Ng5 Rc8 33. h6 Rc1+ 34.
Kf2 Rc8 35. Nf7+ Kg8 36. Ne5 Bc6 37. Nxc6 Rxc6 38. Rxc6 bxc6 39. Bxa6 Kh7 40.
Bc8 Kxh6 41. Bxf5 c5 1-0

[Event "Unna Open 2023"]
[Site "Unna"]
[Date "2023.12.30"]
[Round "7.54"]
[White "Weiner, Letizia Marilena"]
[Black "Leufert, Nils Florian"]
[Result "1/2-1/2"]
[WhiteElo "909"]
[BlackElo "981"]
[PlyCount "20"]
[EventDate "2023.12.??"]
[EventType "swiss"]
[EventRounds "7"]
[EventCountry "GER"]
[Tiebreak "Progressive score"]
[SourceVersionDate "2023.12.27"]

1. d4 d6 2. Bf4 Nf6 3. e3 Bf5 4. c3 a6 5. Nf3 h6 6. h3 e6 7. Be2 Be7 8. O-O O-O
9. Qb3 b6 10. Nbd2 Nc6 1/2-1/2